| 000 | 01022cam a2200325 i 4500 | ||
|---|---|---|---|
| 001 | 200454488 | ||
| 999 |
_c200454488 _d72700 |
||
| 003 | TR-AnTOB | ||
| 005 | 20241106164248.0 | ||
| 008 | 141112s1998 tu 000*0 tur G | ||
| 020 | _a9757809330 | ||
| 040 |
_aTR-AnTOB _beng _erda _cTR-AnTOB |
||
| 041 | 1 |
_atur _hger |
|
| 050 | 1 | _aB2798 | |
| 090 |
_aB2798 _b.S7719 1997 |
||
| 100 | 1 |
_aStrathern, Paul, _d1940- _eauhor _9143696 |
|
| 240 | 1 | 0 |
_aKant in 90 minutes. _lTurkish. |
| 245 | 1 | 0 |
_a90 dakikada Kant / _cPaul Strathern ; Almancadan çeviren Mehmet Ukşul. |
| 250 | _aBirinci basım Ocak 1998 | ||
| 264 |
_aİstanbul : _bGendaş A.Ş., _c1998. |
||
| 300 |
_a80 pages ; _c21 cm |
||
| 336 |
_2rdacontent _atext _btxt |
||
| 337 |
_2rdamedia _aunmediated _bn |
||
| 338 |
_2rdacarrier _avolume _bnc |
||
| 490 | 0 |
_aYeni Seri ; _v19 _a90 dakikada filozoflar ; _v5 |
|
| 600 | 1 | 0 |
_aKant, Immanuel _d1724-1804 _9105560 |
| 650 | 0 |
_aFilozoflar _9121513 |
|
| 700 | 1 |
_aUkşul, Mehmet _etranslator _9143701 |
|
| 942 |
_2lcc _cBK |
||